| 000 | 00411nam a2200157Ia 4500 | ||
|---|---|---|---|
| 005 | 20250423100251.0 | ||
| 008 | 250422s9999 xx 000 0 und d | ||
| 020 | _a9781938901645 | ||
| 050 | _aDT515 .846 .P34/ | ||
| 100 | _aPaden, John N | ||
| 245 | 0 | _aMuhammadu Buhari : the challenges of leadership in Nigeria | |
| 260 | _aCalifornia | ||
| 260 | _bRoaring Forties Press | ||
| 260 | _c2016 | ||
| 942 | _cBK | ||
| 999 |
_c32784 _d32784 |
||